Venomous or Non-Venomous - Statistics

General Stats
  • This quiz has been taken 34 times
  • The average score is 10 of 11
Answer Stats
Question Answer % Correct
Boa Non-Venomous
100%
Colossal Squid Non-Venomous
100%
Sydney Funnel Web Venomous
100%
Stonefish Venomous
100%
Lionfish Venomous
100%
Deathstalker Venomous
100%
Black Mamba Venomous
100%
Gnu Non-Venomous
75%
Giant Squid Non-Venomous
75%
Slow Loris Venomous
75%
Sea-Cucumber Venomous
25%
No matching quizzes found
Score Distribution
Percent of People with Each Score
Percentile by Number Answered
Your Score History
You have not taken this quiz